Score 0/19 Timer 03:00
1 Play Today
Hint(s) 3 Letter Ladder % Correct
◄ What we breathe / ► Frozen water. AIR 
97.4%
Continent, home to Angola & Zambia (6 letter word).►AFR  
94.4%
Continent, home to Germany & Spain (6 letter word).►EUR  
94.1%
◄ Animal skin coat / ► Rise of the planet of the ___s. FUR 
92%
◄ Christmas tree type / ► 1 or 11 in cards. FIR 
90.2%
Largest country in North America (6 letter word).►CAN  
83.3%
◄ Frying utensil / ►Much ___ about nothing. PAN 
77.3%
◄ Quiet enough to hear a ___ drop. / ► In the past. PIN 
70.3%
◄ Blind as a ___ / ► What an ampersand represents. BAT 
69.9%
◄ Large / ► Have debts. BIG 
69.2%
Hint(s) 3 Letter Ladder % Correct
Largest country in South America (6 letter word).►BRA  
69%
◄ Shark's giveaway above water / ► Period of time spent alive. FIN 
67.2%
◄ Used to carry belongings / ► Animal emblem of Hooters. BAG 
66.3%
◄ Fort Knox has many gold ___s/ ► Lives in a tiny hill. BAR 
65.9%
◄ Tom or Garfield / ► Mention as an afterthought. CAT 
65.6%
◄ Make a mistake / ► Decide. ERR 
64.9%
◄ Fruit tree / ► Fill with wonder. FIG 
64.7%
◄ Noise a sheep makes / ► The middle east has lots of this. BAA 
63%
◄ Mr. Potato head part / ► Suitable. EAR 
61.7%

Today's Daily Dose

Missing Word
I Hardly Know Her!

Word Ladder
Sentence Ending

Quick Pick
Female Firsts

Get the Picture
Triathlon Sports

Remove Ads.
Support Sporcle.
Get the best of Sporcle when you Go Orange. This ad-free experience offers more features, more stats, and more fun while also helping to support Sporcle. Thank you for becoming a member.

You're not logged in!

Compare scores with friends on all Sporcle quizzes.
OR
Log In

Show Comments

Extras

Top Quizzes Today


Score Distribution

Your Account Isn't Verified!

In order to create a playlist on Sporcle, you need to verify the email address you used during registration. Go to your Sporcle Settings to finish the process.

Report this User

Report this user for behavior that violates our Community Guidelines.

Details: